• 首页
  • 本馆介绍
  • 公告通知
  • 最新文献
  • 馆藏检索
  • 电子资源
  • 读者导购
  • 参考咨询
  • 我的图书馆
  • 登录
  • 详细信息显示
  • 放入我的书架
  • 预约/预借图书
  • 作者相关作品
  • 分类相关作品
  • 丛书相关作品
  • 出版社相关作品

书目信息

  • 表格格式
  • 工作单格式
  • 卡片格式
题名:
无机晶须填充改性聚合物的应用
    
 
作者: 孙秋菊 编著
分册:  
出版信息: 北京   科学出版社  2012.12
页数: 197页
开本: 23cm
丛书名:
单 册:
中图分类: TB33
科图分类:
主题词: 晶须增强复合材料--应用
电子资源:
ISBN: 978-7-03-036252-0
000 01126nam0 2200229 45
001 1359739281
005 20130529085948.95
010    @a978-7-03-036252-0@dCNY60.00
100    @a20130513d2012 em y0chiy50 ea
101 0  @achi
102    @aCN@b110000
105    @aa z 000yy
106    @ar
200 1  @a无机晶须填充改性聚合物的应用@AWu Ji Jing Xu Tian Chong Gai Xing Ju He Wu De Ying Yong@f孙秋菊编著@FSun Qiu Ju Bian Zhu
210    @a北京@c科学出版社@d2012.12
215    @a197页@c图@d23cm
330    @a本书在作者多年研究晶须填充聚合物复合材料的基础上整理而成。首先从常见高分子材料入手,介绍其改性重要性,然后阐述市场中无机晶须的种类、特性、表面处理以及评价方法,并总结了无机晶须填充聚合物的制备方法和性能分析,最后以作者多年从事碳酸钙晶须的填充研究为基础,介绍了碳酸钙晶须的表面处理方法以及影响因素,结合碳酸钙晶须填充聚丙烯的研究,探讨了主要制备方法以及可能出现的问题和解决方法,并对目前国内外最新的无机晶须填充聚合物的应用研究进展进行了归纳总结。
606 0  @a晶须增强复合材料@x应用
690    @aTB33@v5
701  0 @a孙秋菊@ASun Qiu Ju@4编著
801    @aCN@bTANGWEI@c20130522
905    @b0833740-43@dTB33@e225@f4
    
    无机晶须填充改性聚合物的应用/孙秋菊编著.-北京:科学出版社,2012.12
    197页:图;23cm
    
    
    ISBN 978-7-03-036252-0:CNY60.00
    本书在作者多年研究晶须填充聚合物复合材料的基础上整理而成。首先从常见高分子材料入手,介绍其改性重要性,然后阐述市场中无机晶须的种类、特性、表面处理以及评价方法,并总结了无机晶须填充聚合物的制备方法和性能分析,最后以作者多年从事碳酸钙晶须的填充研究为基础,介绍了碳酸钙晶须的表面处理方法以及影响因素,结合碳酸钙晶须填充聚丙烯的研究,探讨了主要制备方法以及可能出现的问题和解决方法,并对目前国内外最新的无机晶须填充聚合物的应用研究进展进行了归纳总结。
●
相关链接 在E读中查询图书 在五车中查询图书 在当当中查询图书 在豆瓣中查询图书


正题名:无机晶须填充改性聚合物的应用     索取号:TB33/225         预约/预借

序号 登录号 条形码 馆藏地/架位号 状态 备注
1 0833740   208337405   第二样本阅览室/ [索取号:TB33/225] 在馆    
2 0833741   208337414   第三借阅区/ [索取号:TB33/225] 在馆    
3 0833742   208337423   密集书库-化学系/ [索取号:TB33/225] 在馆    
4 0833743   208337432   第三借阅区/ [索取号:TB33/225] 在馆    
唐山师范学院图书馆 欢迎您!
大连网信软件有限公司© 版权所有